Guess the Book by the AI generated image - Statistics

General Stats
  • This quiz has been taken 47 times
  • The average score is 5 of 10
Answer Stats
Picture Answer % Correct
Alice's Adventures in Wonderland
91%
Frankenstein
81%
Animal Farm
74%
Lord of the Flies
63%
Lord of the Rings
58%
Nineteen Eighty-Four
30%
The Catcher in the Rye
21%
Wuthering Heights
16%
Little Women
14%
Brave New World
9%
No matching quizzes found
Score Distribution
Percent of People with Each Score
Percentile by Number Answered
Your Score History
You have not taken this quiz